MARC details
| 000 -LEADER |
| fixed length control field |
00951nam a2200289 i 4500 |
| 001 - CONTROL NUMBER |
| control field |
200429860 |
| 003 - CONTROL NUMBER IDENTIFIER |
| control field |
TR-AnTOB |
| 005 - DATE AND TIME OF LATEST TRANSACTION |
| control field |
20190408222002.0 |
| 007 - PHYSICAL DESCRIPTION FIXED FIELD--GENERAL INFORMATION |
| fixed length control field |
ta |
| 008 - FIXED-LENGTH DATA ELEMENTS--GENERAL INFORMATION |
| fixed length control field |
120106s2011 000 0 eng |
| 020 ## - INTERNATIONAL STANDARD BOOK NUMBER |
| International Standard Book Number |
9788375432077 (hardcover) |
| 040 ## - CATALOGING SOURCE |
| Original cataloging agency |
TR-AnTOB |
| Language of cataloging |
eng |
| Description conventions |
rda |
| Transcribing agency |
TR-AnTOB |
| 041 0# - LANGUAGE CODE |
| Language code of text/sound track or separate title |
İngilizce |
| -- |
DiğerDiller |
| 050 00 - LIBRARY OF CONGRESS CALL NUMBER |
| Classification number |
DK214 |
| Item number |
.C75 2011 |
| 090 ## - LOCALLY ASSIGNED LC-TYPE CALL NUMBER (OCLC); LOCAL CALL NUMBER (RLIN) |
| Classification number (OCLC) (R) ; Classification number, CALL (RLIN) (NR) |
DK214 |
| Local cutter number (OCLC) ; Book number/undivided call number, CALL (RLIN) |
.C75 2011 |
| 245 04 - TITLE STATEMENT |
| Title |
The Crimean War 1853-1856 : |
| Remainder of title |
Colonial Skirmish or Rehersal for World War? Empires, Nations and Individuals / |
| Statement of responsibility, etc. |
edited by Jerzy W. Borejsza. |
| 246 34 - VARYING FORM OF TITLE |
| Title proper/short title |
Crimean War |
| 264 #1 - PRODUCTION, PUBLICATION, DISTRIBUTION, MANUFACTURE, AND COPYRIGHT NOTICE |
| Place of production, publication, distribution, manufacture |
Warsaw : |
| Name of producer, publisher, distributor, manufacturer |
Wydawnictwo Neriton, Instytut Historii PAN, |
| Date of production, publication, distribution, manufacture, or copyright notice |
2011. |
| 300 ## - PHYSICAL DESCRIPTION |
| Extent |
536 [16] pages ; |
| Dimensions |
24 cm. |
| 336 ## - CONTENT TYPE |
| Content type term |
text |
| Source |
rdacontent. |
| 337 ## - MEDIA TYPE |
| Media type term |
unmediated |
| Source |
rdamedia. |
| 338 ## - CARRIER TYPE |
| Carrier type term |
volume |
| Source |
rdacarrier. |
| 650 #7 - SUBJECT ADDED ENTRY--TOPICAL TERM |
| Topical term or geographic name entry element |
Kırım Savaşı, 1853-1856 |
| Source of heading or term |
etuturkob |
| 9 (RLIN) |
11931 |
| 700 1# - ADDED ENTRY--PERSONAL NAME |
| Personal name |
Borejsza, Jerzy W. |
| 9 (RLIN) |
120332 |
| 942 ## - ADDED ENTRY ELEMENTS (KOHA) |
| Source of classification or shelving scheme |
Library of Congress Classification |
| Koha item type |
Book |